[Event "AUTO-MASTER-2768"]
[Site "http://www.queenalice.com/game.php?id=1543308"]
[Date "2018.9.22"]
[Round "1"]
[White "jupar"]
[Black "Strogonoff"]
[Result "0-1"]
[WhiteElo "2054"]
[BlackElo "2014"]

1. e4 e5 2. Nf3 Nc6 3. d4 Nxd4 4. Nxd4 exd4 5. Qxd4 d6 6. Bh6 Nxh6 7. Be2 c5 8.
Qd1 Be6 9. Nc3 g6 10. Nd5 Bg7 11. c3 O-O 12. Bf3 Bxd5 13. Qxd5 Rb8 14. O-O Be5
15. Qd2 Kg7 16. Rad1 Qh4 17. g3 Qh3 18. Bg2 Qh5 19. Qd5 Ng4 20. h3 Nf6 21. Qd3
Nd7 22. f4 Bf6 23. e5 Bd8 24. Qxd6 Bb6 25. Qxd7 Rbd8 26. Qg4 Rxd1 27. Qxd1 Qf5
28. Kh2 Rb8 29. c4 Rd8 30. Qf3 Rd7 31. Rd1 Re7 32. Qd3 Qe6 33. Qd5 Qc8 34. b3 h5
35. Qd6 Re6 36. Qd7 Qf8 37. Qxb7 Re7 38. Qd5 Qc8 39. Qd3 Qe6 40. Bd5 Qd7 41. Rf1
f6 42. Re1 fxe5 43. fxe5 Bc7 44. Qc3 Qf5 45. e6+ Kh7 46. Re2 Qg5 47. Qf3 h4 48.
Rg2 Bxg3+ 49. Kh1 Qf4 50. Qxf4 Bxf4 51. a4 g5 52. Re2 a5 53. Kg2 Kg7 54. Kf3 Kf6
55. Re4 Kf5 56. Re2 Bc1 57. Rg2 Ba3 58. Re2 Bb4 59. Re4 Bd2 60. Rg4 Bf4 61. Rg2
Bc1 62. Re2 Ba3 63. Re4 Bb4 64. Ke3 Bc3 65. Kd3 Bb4 66. Re2 Kf4 67. Rf2+ Ke5 68.
Rf3 Re8 69. Rf5+ Kxf5 70. Ke3 g4 71. hxg4+ Kxg4 72. Kf2 Bd2 73. Kg2 h3+ 74. Kh1
Kg3 75. Kg1 h2+ 76. Kh1 Rf8 77. Bg2 Rf2 78. e7 Rxg2 79. e8=Q Rg1# 0-1

[Event "AGORA VAI"]
[Site "http://www.queenalice.com/game.php?id=1544893"]
[Date "2018.10.4"]
[Round "-"]
[White "otavio01"]
[Black "Strogonoff"]
[Result "0-1"]
[WhiteElo "1845"]
[BlackElo "2049"]

1. e4 e5 2. Bc4 Bc5 3. Qh5 Qf6 4. Nf3 d6 5. O-O Be6 6. Bxe6 Qxe6 7. Ng5 Qg6 8.
Qxg6 hxg6 9. d3 Nf6 10. Nc3 Ng4 11. Nd5 Na6 12. Be3 Bxe3 13. Nxe3 Nxe3 14. fxe3
f6 15. Nf3 O-O-O 16. c4 f5 17. exf5 gxf5 18. Ng5 g6 19. Nf7 Nb4 20. Nxh8 Rxh8
21. Rad1 Nxa2 22. Ra1 Nb4 23. Rxa7 Kd7 24. d4 Nc2 25. dxe5 Nxe3 26. Rf3 Nxc4 27.
exd6 Nxd6 28. Rd3 Kc6 29. h3 Re8 30. Kf2 Ne4+ 31. Kf3 Ng5+ 32. Kg3 Re2 33. b3
Ne4+ 34. Kh2 f4 35. Rf3 g5 36. h4 Nd2 37. Rc3+ Kb6 38. Ra2 Nf1+ 39. Kg1 Rxa2 40.
Kxf1 gxh4 41. Rc4 f3 42. gxf3 h3 43. Rh4 h2 44. f4 Kc5 45. f5 Kd6 46. Rh6+ Ke5
47. f6 Ke6 48. b4 b5 49. f7+ Kxf7 50. Rh7+ Kg6 51. Rh3 Kg5 52. Rh7 Kf4 53. Rh4+
Kg3 54. Rh7 Ra1+ 55. Ke2 h1=Q 56. Rxh1 Rxh1 57. Kd3 Rc1 58. Ke3 c5 59. Kd2 Rc4
60. Kd3 Rxb4 61. Kc3 Rh4 62. Kb3 b4 63. Kc2 c4 64. Kb2 Rh2+ 65. Kb1 b3 66. Kc1
c3 67. Kb1 Rh1# 0-1

[Event "AUTO-MASTER-2783"]
[Site "http://www.queenalice.com/game.php?id=1548451"]
[Date "2018.11.7"]
[Round "1"]
[White "Strogonoff"]
[Black "magrella"]
[Result "1-0"]
[WhiteElo "2017"]
[BlackElo "2055"]

1. e4 e5 2. b3 Nf6 3. Nc3 Bb4 4. Bb2 c6 5. a3 Ba5 6. b4 Bb6 7. Nf3 Ng4 8. d4
exd4 9. Nxd4 Qf6 10. Qxg4 Qxd4 11. Qf3 O-O 12. Rd1 Qe5 13. Bd3 Bd4 14. Bc4 b5
15. Bb3 d6 16. Qd3 Bxc3+ 17. Bxc3 Qe8 18. O-O Bg4 19. f3 Be6 20. Qxd6 Bxb3 21.
cxb3 a6 22. Qg3 g6 23. Qg5 f5 24. exf5 Ra7 25. fxg6 Qxg6 26. Qxg6+ hxg6 27. Rd6
Kh7 28. Re1 Rff7 29. Re8 Kh6 30. Rxb8 Rac7 31. Rg8 c5 32. Rgxg6+ Kh5 33. g4+ Kh4
34. Be1+ 1-0

[Event "AUTO-MASTER-2783"]
[Site "http://www.queenalice.com/game.php?id=1548452"]
[Date "2018.11.7"]
[Round "1"]
[White "magrella"]
[Black "Strogonoff"]
[Result "1-0"]
[WhiteElo "2049"]
[BlackElo "2032"]

1. e4 e5 2. Nf3 Nc6 3. Bb5 d6 4. h3 a6 5. Ba4 b5 6. Bb3 Be6 7. Nc3 Nf6 8. Ng5
Bxb3 9. axb3 h6 10. Nf3 d5 11. exd5 Nxd5 12. O-O Nxc3 13. bxc3 Bd6 14. d4 O-O
15. d5 Ne7 16. Re1 Ng6 17. c4 Qf6 18. Bb2 Qf4 19. g3 Qf6 20. Re4 Rfe8 21. Qe2
Qf5 22. Kg2 Qd7 23. Qe3 f5 24. Nxe5 fxe4 25. Nxd7 1-0

[Event "AUTO-MASTER-2783"]
[Site "http://www.queenalice.com/game.php?id=1548453"]
[Date "2018.11.7"]
[Round "1"]
[White "Strogonoff"]
[Black "ratorei"]
[Result "0-1"]
[WhiteElo "2040"]
[BlackElo "2230"]

1. e4 c5 2. Nf3 d6 3. d4 cxd4 4. Nxd4 Nc6 5. Nc3 Bd7 6. Bc4 a6 7. Nxc6 Bxc6 8.
O-O Nf6 9. Qf3 e6 10. Bg5 Be7 11. Bxf6 Bxf6 12. Rfe1 O-O 13. Bb3 b5 14. a3 Qb6
15. Rad1 Rad8 16. Qe3 Qb8 17. f4 b4 18. Rd2 bxc3 19. bxc3 Qb5 20. e5 dxe5 21.
Red1 Rxd2 22. Rxd2 exf4 23. Qxf4 Bg5 0-1

[Event "AUTO-MASTER-2783"]
[Site "http://www.queenalice.com/game.php?id=1548454"]
[Date "2018.11.7"]
[Round "1"]
[White "ratorei"]
[Black "Strogonoff"]
[Result "1-0"]
[WhiteElo "2223"]
[BlackElo "2049"]

1. e4 e5 2. Nf3 Nc6 3. Bc4 h6 4. c3 Nf6 5. O-O Bc5 6. d4 exd4 7. e5 Ng8 8. cxd4
Bb6 9. d5 Na5 10. Bd3 Bc5 11. b4 Bxb4 12. Bb2 f6 13. Bg6+ Kf8 14. exf6 Nxf6 15.
Qd4 Bd6 16. Nc3 b6 17. Qh4 Bb7 18. Rae1 c5 19. Nb5 Be7 20. d6 Bxd6 21. Nxd6 Qc7
22. Nxb7 Nxb7 23. Bxf6 1-0

[Event "AUTO-MASTER-2783"]
[Site "http://www.queenalice.com/game.php?id=1548455"]
[Date "2018.11.7"]
[Round "1"]
[White "Strogonoff"]
[Black "wiktormool"]
[Result "1-0"]
[WhiteElo "2015"]
[BlackElo "2084"]

1. e4 c5 2. Nf3 Nc6 3. Nc3 e5 4. Bc4 h6 5. d3 a6 6. a4 Nf6 7. Be3 d6 8. h3 Nd4
9. Nd5 Nxd5 10. Bxd5 Qf6 11. Nxd4 cxd4 12. Bd2 Be7 13. O-O Qg6 14. Qf3 Rb8 15.
b4 b6 16. c3 Rf8 17. cxd4 exd4 18. Kh1 Be6 19. Bxe6 fxe6 20. Qe2 Rc8 21. Rac1
Kf7 22. f4 Kg8 23. f5 exf5 24. exf5 Qf7 25. Qg4 Qf6 26. Qh5 Rxc1 27. Rxc1 Qxf5
28. Qe2 Bd8 29. Kg1 Qd7 30. a5 b5 31. Qe4 Bf6 32. Rc6 d5 33. Qe6+ Qxe6 34. Rxe6
Ra8 35. Rd6 Kf7 36. Rxd5 Ke6 37. Rc5 Kd6 38. Bf4+ Ke6 39. Rc6+ Kf5 40. g3 g5 41.
Bd2 h5 42. g4+ hxg4 43. hxg4+ Kg6 44. Kg2 Ra7 45. Be1 Kf7 46. Bg3 Be7 47. Bd6
Bf6 48. Kf3 Ra8 49. Ke4 Re8+ 50. Kf5 Re6 51. Rc7+ Be7 52. Rxe7+ Rxe7 53. Bxe7
Kxe7 54. Kxg5 1-0

[Event "AUTO-MASTER-2783"]
[Site "http://www.queenalice.com/game.php?id=1548456"]
[Date "2018.11.7"]
[Round "1"]
[White "wiktormool"]
[Black "Strogonoff"]
[Result "1-0"]
[WhiteElo "2035"]
[BlackElo "2042"]

1. c4 e5 2. Nc3 Nf6 3. e4 Nc6 4. Nf3 Bb4 5. Bd3 d6 6. Nd5 Bc5 7. h3 Nxd5 8. cxd5
Nd4 9. Nxd4 Bxd4 10. Rb1 Qg5 11. Qf3 O-O 12. Be2 f5 13. d3 Qf6 14. O-O f4 15. b3
c6 16. Bb2 Bxb2 17. Rxb2 cxd5 18. Rc2 dxe4 19. dxe4 b6 20. Bc4+ Be6 21. Rd1 Rfd8
22. Qc3 Bxc4 23. Qxc4+ Kf8 24. Qc6 Rac8 25. Qxc8 Rxc8 26. Rxc8+ Kf7 27. Rc7+ Ke8
28. Rxa7 Qe6 29. Ra6 1-0

[Event "AUTO-ADV-4001"]
[Site "http://www.queenalice.com/game.php?id=1548638"]
[Date "2018.11.8"]
[Round "2"]
[White "Parma"]
[Black "Strogonoff"]
[Result "1-0"]
[WhiteElo "1894"]
[BlackElo "2037"]

1. d4 d5 2. c4 e6 3. e3 Nf6 4. Nf3 Bb4+ 5. Bd2 Bxd2+ 6. Nbxd2 O-O 7. Be2 Nc6 8.
O-O Re8 9. a3 b6 10. b4 e5 11. dxe5 Nxe5 12. cxd5 Qxd5 13. Rc1 c6 14. Nxe5 Rxe5
15. Bf3 Qd8 16. Bxc6 Rb8 17. Nf3 Qxd1 18. Rfxd1 Bg4 19. Nxe5 Bxd1 20. Rxd1 a5
21. b5 h6 22. Nd7 Nxd7 23. Rxd7 f6 24. g3 Kh7 25. Rb7 Rxb7 26. Bxb7 Kg6 27. h4
Kf5 28. f3 Ke5 29. Kf2 Kd6 30. a4 Kc5 31. Be4 Kd6 32. h5 Ke5 33. g4 Kd6 34. Kg3
Kc5 35. Kf4 Kd6 36. Kf5 Ke7 37. Kg6 Kf8 38. Bd5 1-0

[Event "AUTO-ADV-4001"]
[Site "http://www.queenalice.com/game.php?id=1548639"]
[Date "2018.11.8"]
[Round "2"]
[White "Strogonoff"]
[Black "Parma"]
[Result "1-0"]
[WhiteElo "2026"]
[BlackElo "1913"]

1. e4 c5 2. Bc4 e6 3. Nc3 Be7 4. d4 cxd4 5. Qxd4 Nf6 6. Bg5 O-O 7. e5 Ne8 8.
Bxe7 Qxe7 9. Nf3 d5 10. exd6 Qxd6 11. Qh4 Qb4 12. Bb3 Qxh4 13. Nxh4 a6 14. O-O
Nc6 15. Rad1 Nf6 16. Rfe1 Na5 17. Ne4 Nxe4 18. Rxe4 Nxb3 19. axb3 b5 20. Red4
Bb7 21. Rd7 Bd5 22. Rc7 Rfc8 23. Rxc8+ Rxc8 24. c3 Bxb3 25. Rd2 Bd5 26. g3 g5
27. Ng2 Bxg2 28. Kxg2 Kg7 29. Kf3 h5 30. Ke4 Kf6 31. f3 Rc5 32. Rd6 a5 33. Kd4
Re5 34. Rb6 Rd5+ 35. Ke3 Ke5 36. Rb7 Kf6 37. Ra7 1-0

[Event "Homenagem a RATOREI"]
[Site "http://www.queenalice.com/game.php?id=1549822"]
[Date "2018.11.19"]
[Round "-"]
[White "otavio01"]
[Black "Strogonoff"]
[Result "0-1"]
[WhiteElo "1810"]
[BlackElo "2035"]

1. e4 e5 2. Bc4 Nf6 3. d3 h6 4. Nf3 Nc6 5. Nc3 Bb4 6. Bd2 d6 7. O-O O-O 8. Qc1
Na5 9. Nd5 Bxd2 10. Qxd2 Nxc4 11. dxc4 Nxe4 12. Qb4 Bg4 13. Ne1 Be2 14. Qxb7
Bxf1 15. Kxf1 Nd2+ 16. Kg1 Nxc4 17. b3 Nb6 18. Nxc7 Qd7 19. Rd1 Rfb8 20. Qd5
Qxc7 21. Qxd6 Qxd6 22. Rxd6 Rd8 23. Rc6 Rd1 24. Kf1 Ra1 25. a4 Rc8 26. Rxc8+
Nxc8 27. Ke2 Nd6 28. Nd3 f6 29. Nc5 f5 30. b4 Ne4 31. Nxe4 fxe4 32. a5 Ra3 33.
Kd2 Kf7 34. c3 Ke6 35. f3 exf3 36. gxf3 Ra2+ 37. Kd3 Rxh2 38. c4 Kf5 39. c5 Ke6
40. Ke4 Rb2 41. Kd3 Rxb4 42. Kc3 Ra4 43. Kb3 Rxa5 44. Kb4 Ra1 45. Kb5 Rc1 46.
Kc6 a5 47. Kb6 a4 0-1

[Event "chessplayer123-2"]
[Site "http://www.queenalice.com/game.php?id=1556759"]
[Date "2019.1.15"]
[Round "5"]
[White "Strogonoff"]
[Black "Rider"]
[Result "1-0"]
[WhiteElo "2034"]
[BlackElo "1701"]

1. e4 e5 2. Bc4 Qf6 3. Nf3 Nc6 4. Nc3 Bc5 5. Nd5 Qd6 6. Nh4 g6 7. d3 Nge7 8. Bg5
O-O 9. Qf3 Nd4 10. Qd1 Nxd5 11. Bxd5 c6 12. Bb3 Nxb3 13. axb3 Qd4 14. Be3 Qd6
15. Bh6 Re8 16. Qf3 Qe6 17. Qg3 Qf6 18. Nf5 Re6 19. Bg7 Qd8 20. Bxe5 f6 21. Bd4
Bb4+ 22. c3 Ba5 23. Nh6+ Kf8 24. O-O Qe7 25. f4 Bc7 26. Qe3 d5 27. f5 Rd6 28. e5
fxe5 29. fxg6+ Ke8 30. Ng8 Qg7 31. Bxe5 Qxg8 32. Bxd6+ Kd7 33. Bxc7 Kxc7 34.
Qe7+ Kb6 35. gxh7 Bg4 36. hxg8=Q Rxg8 37. Rf7 Bc8 38. Qb4# 1-0

[Event "SUCESSO"]
[Site "http://www.queenalice.com/game.php?id=1558348"]
[Date "2019.1.28"]
[Round "-"]
[White "Strogonoff"]
[Black "otavio01"]
[Result "1-0"]
[WhiteElo "2037"]
[BlackElo "1850"]

1. Nc3 d5 2. d4 Bf5 3. Nf3 e6 4. Bf4 Bd6 5. Bxd6 Qxd6 6. e3 Nc6 7. Bb5 Ne7 8.
Ne5 O-O 9. Bxc6 Nxc6 10. g4 Nxe5 11. dxe5 Qxe5 12. gxf5 Qxf5 13. Rg1 Qh3 14. Qg4
Qxg4 15. Rxg4 f5 16. Rg2 h6 17. O-O-O g5 18. Nb5 c6 19. Nc7 Rab8 20. Nxe6 Rf6
21. Nc5 Kg7 22. Nd7 Re8 23. Nxf6 Kxf6 24. Rd4 h5 25. c4 dxc4 26. Rxc4 g4 27. Rg1
Kg5 28. Re1 Re5 29. a4 a5 30. Re2 Rd5 31. e4 Re5 32. Kd2 Kf4 33. exf5+ Kxf5 34.
Rxe5+ Kxe5 35. Rc5+ Kf4 36. Rxh5 Kf3 37. Ke1 b6 38. Rh6 b5 39. Rxc6 bxa4 40. Kf1
a3 41. bxa3 g3 42. hxg3 a4 43. Ra6 Ke4 44. Rxa4+ Kf3 45. Ke1 Kg2 46. g4 1-0

[Event "Tomei ferro"]
[Site "http://www.queenalice.com/game.php?id=1560293"]
[Date "2019.2.9"]
[Round "-"]
[White "otavio01"]
[Black "Strogonoff"]
[Result "1-0"]
[WhiteElo "1814"]
[BlackElo "2046"]

1. e4 e5 2. Bc4 Nf6 3. d3 Nc6 4. Nf3 d5 5. exd5 Nxd5 6. Bxd5 Qxd5 7. Nc3 Bb4 8.
Qd2 Bxc3 9. Qxc3 Bg4 10. Qc4 Bxf3 11. gxf3 Qxf3 12. Qe4 Qf6 13. Be3 O-O-O 14.
O-O-O Qe6 15. b3 f5 16. Qg2 g6 17. Bg5 Rd4 18. h3 Qd6 19. Kb2 e4 20. Be3 Rd5 21.
c4 Rxd3 22. Rxd3 Qxd3 23. Ka3 a5 24. Qf1 Qc3 25. Qe1 Qd3 26. Qd2 Rd8 27. Qxd3
exd3 28. Rd1 Nb4 29. Bd2 Nc6 30. Bg5 Rd7 31. Kb2 Ne5 32. Bf6 Nf3 33. Kc3 d2 34.
Kc2 Ne1+ 35. Kc3 Rd3+ 36. Kb2 Rd6 37. Bg5 Nd3+ 38. Kc3 Nxf2 39. Rxd2 Ne4+ 40.
Kc2 Nxd2 41. Bxd2 Re6 42. Bg5 Re2+ 43. Kb1 Re4 44. Kc2 c5 45. Kd3 Kd7 46. a3 Ke6
47. h4 Ke5 48. Bh6 f4 49. Bg7+ Kf5 50. Bh6 f3 51. Be3 Rxh4 52. Bxc5 Rh3 53. Ke3
g5 54. Bb6 f2+ 55. Kxf2 Rxb3 56. Bxa5 Rxa3 57. Be1 g4 58. Kg2 h5 59. c5 Kf4 60.
Bh4 Ra2+ 61. Kf1 Kf3 62. Kg1 g3 63. Bf6 1-0

[Event "Sem xororô"]
[Site "http://www.queenalice.com/game.php?id=1562217"]
[Date "2019.2.25"]
[Round "-"]
[White "Strogonoff"]
[Black "otavio01"]
[Result "1-0"]
[WhiteElo "2021"]
[BlackElo "1857"]

1. e4 c5 2. Nf3 d6 3. Bb5+ Bd7 4. Bxd7+ Qxd7 5. Nc3 Nf6 6. O-O Nc6 7. h3 e5 8.
d3 Be7 9. a4 Nb4 10. b3 d5 11. Nxe5 Qe6 12. Nf3 dxe4 13. Re1 Rd8 14. Bg5 O-O 15.
Qc1 Nxd3 16. cxd3 Rxd3 17. Bxf6 Bxf6 18. Nxe4 Bxa1 19. Nxc5 Qd5 20. Nxd3 Qxd3
21. Qxa1 Qxb3 22. Rb1 Qd5 23. Qd4 Qxd4 24. Nxd4 b6 25. Nc6 Ra8 26. Rd1 a6 27.
Rb1 b5 28. axb5 axb5 29. Rxb5 Ra1+ 30. Kh2 h6 31. Rb7 Rc1 32. Ne5 f6 33. Ng6 Rc2
34. Kg3 Kh7 35. Ne7 Rc5 36. Kf4 g5+ 37. Kg4 Rc4+ 38. Kf5 Rf4+ 39. Ke6 Rxf2 40.
Nf5+ Kg6 41. Rg7+ Kh5 42. g4# 1-0

[Event "MATE LINDO"]
[Site "http://www.queenalice.com/game.php?id=1563443"]
[Date "2019.3.7"]
[Round "-"]
[White "otavio01"]
[Black "Strogonoff"]
[Result "0-1"]
[WhiteElo "1877"]
[BlackElo "2030"]

1. e4 c5 2. d4 cxd4 3. Qxd4 Nc6 4. Qd1 e5 5. Nf3 Bc5 6. Bc4 Nf6 7. Bg5 h6 8. Bh4
g5 9. Bg3 d6 10. O-O Nxe4 11. Qd5 Be6 12. Qxe4 d5 13. Bxd5 Bxd5 14. Qe2 Qe7 15.
Nxe5 O-O 16. Nc3 Rfd8 17. Rfe1 Nxe5 18. Bxe5 Bc6 19. Qh5 Rd2 20. Qxh6 Bxf2+ 21.
Kf1 Bxg2+ 22. Kxg2 Bxe1+ 0-1

[Event "CORUMBATAÍ "]
[Site "http://www.queenalice.com/game.php?id=1564284"]
[Date "2019.3.14"]
[Round "-"]
[White "Strogonoff"]
[Black "otavio01"]
[Result "1-0"]
[WhiteElo "2040"]
[BlackElo "1846"]

1. Nc3 c5 2. e4 d5 3. exd5 Nf6 4. Bc4 e6 5. dxe6 Bxe6 6. Bxe6 fxe6 7. d3 Nc6 8.
Bg5 Be7 9. Nf3 O-O 10. Qe2 Qd7 11. O-O Bd6 12. h3 h6 13. Bxf6 Rxf6 14. Ne4 Rg6
15. Nh4 Nd4 16. Qd1 Kh7 17. Nxg6 Kxg6 18. Qg4+ Kf7 19. c3 Nf5 20. Nxd6+ Qxd6 21.
Qf3 Qd5 22. Qf4 Kf6 23. g4 g5 24. Qe4 Nh4 25. Qxd5 exd5 26. f4 b6 27. Rae1 gxf4
28. Rxf4+ Kg5 29. Rf7 Kg6 30. Ree7 a6 31. Kf2 Re8 32. Rxe8 Kxf7 33. Rb8 1-0

[Event "HOLLMOPS"]
[Site "http://www.queenalice.com/game.php?id=1566637"]
[Date "2019.4.4"]
[Round "-"]
[White "Strogonoff"]
[Black "otavio01"]
[Result "1-0"]
[WhiteElo "2048"]
[BlackElo "1798"]

1. e4 e5 2. Bc4 Bc5 3. Nf3 Nc6 4. Nc3 d6 5. O-O Bg4 6. h3 Bh5 7. Na4 Nf6 8. g4
Bg6 9. d3 a6 10. Nxc5 dxc5 11. Be3 b6 12. g5 Nh5 13. Bd5 Qd7 14. Bxc6 Qxc6 15.
Nxe5 Qe6 16. Nxg6 hxg6 17. Qg4 Qe5 18. c3 f5 19. gxf6 gxf6 20. d4 cxd4 21. Bxd4
Qd6 22. e5 Qc6 23. exf6 Kf7 24. Rae1 Nxf6 25. Bxf6 Qxf6 26. Qc4+ Kf8 27. Re4 g5
28. Re6 Qf3 29. Qd4 Qxh3 30. Qf6+ Kg8 31. Qxg5+ Kf8 32. Qe7+ Kg8 33. Rg6# 1-0

[Event "Jr tá chegando "]
[Site "http://www.queenalice.com/game.php?id=1567635"]
[Date "2019.4.14"]
[Round "-"]
[White "otavio01"]
[Black "Strogonoff"]
[Result "0-1"]
[WhiteElo "1792"]
[BlackElo "2054"]

1. e4 e5 2. Nc3 Bc5 3. Nf3 Nc6 4. Bb5 d6 5. d4 exd4 6. Nxd4 Bd7 7. Nxc6 bxc6 8.
Bc4 Qh4 9. O-O Nf6 10. Qe2 O-O 11. e5 Ng4 12. Bf4 Nxf2 13. Rxf2 Qxf4 14. exd6
Bxf2+ 15. Qxf2 Qxc4 16. dxc7 Rfe8 17. Rd1 Re7 18. Rd4 Qe6 19. Re4 Qd6 20. Rxe7
Qxe7 21. Qg3 Re8 22. h3 Qe1+ 23. Kh2 Qxg3+ 24. Kxg3 Re1 25. Na4 Bc8 26. c4 Re7
27. b4 Rxc7 28. b5 cxb5 29. cxb5 Be6 30. a3 Rc4 31. b6 axb6 32. Nxb6 Rc3+ 0-1

[Event ""PAULISTINHA""]
[Site "http://www.queenalice.com/game.php?id=1568492"]
[Date "2019.4.22"]
[Round "-"]
[White "Strogonoff"]
[Black "otavio01"]
[Result "1-0"]
[WhiteElo "2060"]
[BlackElo "1786"]

1. d4 e6 2. e4 c5 3. Nf3 cxd4 4. Nxd4 e5 5. Nf3 Nf6 6. Bc4 h6 7. Nc3 Nc6 8. Be3
Bb4 9. Bd2 Bxc3 10. Bxc3 Nxe4 11. Qd5 Ng5 12. Nxg5 Qxg5 13. Qxf7+ Kd8 14. O-O
Qe7 15. Qd5 d6 16. Rad1 Kc7 17. Rfe1 Bf5 18. f4 Rae8 19. fxe5 dxe5 20. Bb5 e4
21. Qxf5 Rhf8 22. Qd5 e3 23. Bxc6 bxc6 24. Ba5+ Kb8 25. Qb3+ Ka8 26. Bb4 c5 27.
Qd5+ Qb7 28. Bxc5 e2 29. Qxb7+ Kxb7 30. Rd2 Rf5 31. Bd4 g5 32. Rdxe2 Rxe2 33.
Rxe2 h5 34. Re5 Rxe5 35. Bxe5 Kc6 36. Kf2 Kd5 37. Bf6 g4 38. h3 a5 39. Kg3 gxh3
40. gxh3 Ke6 41. Bd4 Kf5 42. Kh4 Kg6 43. c4 a4 44. c5 a3 45. b4 1-0

[Event ""PAULISTINHA" 2"]
[Site "http://www.queenalice.com/game.php?id=1570092"]
[Date "2019.5.7"]
[Round "-"]
[White "otavio01"]
[Black "Strogonoff"]
[Result "0-1"]
[WhiteElo "1792"]
[BlackElo "2065"]

1. e4 e5 2. Nf3 Nc6 3. Bb5 d6 4. Bxc6+ bxc6 5. h3 Nf6 6. d3 g6 7. c3 Bg7 8. Bg5
O-O 9. d4 exd4 10. cxd4 Qe8 11. Bxf6 Qxe4+ 12. Qe2 Qxe2+ 13. Kxe2 Bxf6 14. Rc1
Re8+ 15. Kf1 Bb7 16. Nc3 c5 17. Nb5 Rec8 18. dxc5 Bxb2 19. cxd6 Bxc1 20. d7 Rd8
21. Nxc7 Rab8 22. Rxc1 Rxd7 23. Ne5 Re7 24. Rc5 Rc8 0-1

[Event "Agr a por# ficou séria"]
[Site "http://www.queenalice.com/game.php?id=1570644"]
[Date "2019.5.12"]
[Round "-"]
[White "Strogonoff"]
[Black "otavio01"]
[Result "1-0"]
[WhiteElo "2070"]
[BlackElo "1807"]

1. e4 c5 2. Nf3 d6 3. d4 cxd4 4. Nxd4 e5 5. Bb5+ Bd7 6. Bxd7+ Qxd7 7. Nf3 Nf6 8.
Nc3 Qg4 9. O-O Nxe4 10. Nd5 Qd7 11. Re1 f5 12. c4 Be7 13. Nd2 Nxd2 14. Bxd2 O-O
15. Qh5 f4 16. Re4 Nc6 17. Rae1 Rf5 18. Qd1 Rg5 19. Nxe7+ Nxe7 20. Bxf4 exf4 21.
Rxe7 Qh3 22. Kf1 Qxg2+ 23. Ke2 Re5+ 24. Rxe5 dxe5 25. Qd5+ Qxd5 26. cxd5 e4 27.
Kd2 Re8 28. Kc3 Kf7 29. Kd4 g5 30. Rxe4 Rxe4+ 31. Kxe4 Kf6 32. f3 h6 33. h3 b6
34. b3 b5 35. b4 a6 36. a3 h5 37. d6 Ke6 38. d7 Kxd7 39. Kf5 g4 40. hxg4 hxg4
41. Kxg4 Kd6 42. Kxf4 Kd5 43. Kg5 Kc4 44. f4 Kb3 45. f5 Kxa3 46. f6 Kxb4 47. f7
a5 48. f8=Q+ Ka4 49. Kf4 b4 50. Qe8+ Ka3 51. Qe3+ Ka4 52. Ke4 b3 53. Kd4 Ka3 54.
Kc4 a4 55. Qc3 Ka2 56. Qb4 Kb1 57. Qxa4 b2 58. Kc3 Kc1 59. Qc2# 1-0

[Event "AGORA VAI ..."]
[Site "http://www.queenalice.com/game.php?id=1571364"]
[Date "2019.5.18"]
[Round "-"]
[White "otavio01"]
[Black "Strogonoff"]
[Result "0-1"]
[WhiteElo "1825"]
[BlackElo "2075"]

1. e4 e5 2. Bc4 Nf6 3. Nf3 Nxe4 4. d3 Nd6 5. Nxe5 Qe7 6. O-O Nxc4 7. Nxc4 d5 8.
Re1 Be6 9. Nc3 dxc4 10. dxc4 Nd7 11. Nd5 Qc5 12. Bf4 Bd6 13. Qd3 Bxf4 14. Nxf4
O-O-O 15. Rad1 Bxc4 16. Qc3 Nf6 17. b3 Rxd1 18. Rxd1 Ne4 19. Qxg7 Qxf2+ 20. Kh1
Rd8 21. Qg4+ Be6 22. Rxd8+ Kxd8 23. Nxe6+ fxe6 24. Qg8+ Kd7 25. Qxh7+ Kd6 26. h3
Qxc2 27. Qh4 Kd5 28. Qh5+ e5 29. Qf7+ Kd4 30. Qd7+ Ke3 31. h4 Qf2 32. Qxc7 Ng3+
33. Kh2 Nf1+ 34. Kh1 Qxh4+ 35. Kg1 Qh2+ 0-1